[Event "Plzen, FSB A"]
[Site "?"]
[Date "2000.??.??"]
[Round "8"]
[White "Gross, D."]
[Black "Cernousek, L."]
[Result "1-0"]
[WhiteElo "2465"]
[BlackElo "2255"]
[PlyCount "85"]
[EventDate "2000.??.??"]
[Source "ChessBase"]
[SourceDate "1996.11.15"]

1. e4 c5 2. Nf3 d6 3. d4 cxd4 4. Nxd4 Nf6 5. Nc3 g6 6. Be3 Bg7 7. f3 O-O 8. Qd2
Nc6 9. O-O-O d5 10. exd5 Nxd5 11. Nxc6 bxc6 12. Nxd5 cxd5 13. Bh6 Bxh6 14. Qxh6
Qa5 15. Kb1 Rb8 16. h4 Bf5 17. Bd3 Bxd3 18. Rxd3 d4 19. h5 g5 20. f4 Rb5 21.
fxg5 Rxg5 22. Rxd4 Rc8 23. g4 f6 24. Rhd1 Qc7 25. c3 Re8 26. Rd5 Rxd5 27. Rxd5
Qg3 28. Rd4 Rb8 29. Qd2 Qg1+ 30. Kc2 Kf7 31. Re4 Ke8 32. b4 Rd8 33. Qe2 e5 34.
Kb2 Ke7 35. a4 Rd1 36. Qc2 Rf1 37. Re2 Qxg4 38. Qxh7+ Kf8 39. Qh8+ Kf7 40. Rd2
Qf5 41. Qd8 Rf2 42. Qc7+ Kg8 43. Qb8+ 1-0

[Event "Plzen, FSB A"]
[Site "?"]
[Date "2000.??.??"]
[Round "8"]
[White "Zvara, P."]
[Black "Palek, M."]
[Result "0-1"]
[WhiteElo "2360"]
[BlackElo "2225"]
[PlyCount "116"]
[EventDate "2000.??.??"]
[Source "ChessBase"]
[SourceDate "1996.11.15"]

1. e4 c5 2. Nf3 e6 3. d4 cxd4 4. Nxd4 a6 5. Nc3 Qc7 6. Be2 b5 7. O-O Bb7 8. Bf3
Nc6 9. Nxc6 dxc6 10. e5 Qxe5 11. Re1 Qc7 12. a4 b4 13. Ne4 Be7 14. Qd4 Nf6 15.
Nxf6+ Bxf6 16. Qxb4 a5 17. Qf4 Qe7 18. Be3 O-O 19. c3 c5 20. Bxb7 Qxb7 21. Bxc5
Rfc8 22. Ba3 Qb3 23. Re4 h6 24. Qf3 Rab8 25. h3 Rb7 26. Qd1 Qb6 27. Qe2 Qc6 28.
Rd1 Rb3 29. Rd6 Qb7 30. Rc4 Rb8 31. Qd3 Qa8 32. Rd7 Qa6 33. Rb4 Qc6 34. Rxb8+
Rxb8 35. Qd6 Qxd6 36. Rxd6 Be7 37. Rc6 Bxa3 38. bxa3 Rb1+ 39. Kh2 Ra1 40. Rc8+
Kh7 41. Kg3 Rxa3 42. Rc4 e5 43. Kf3 Ra2 44. g4 Kg6 45. Ke3 Kf6 46. Rc6+ Ke7 47.
Ke4 Rxa4+ 48. Kxe5 Kd7 49. Rd6+ Kc7 50. Ra6 Kb7 51. Rd6 Rc4 52. Rd7+ Rc7 53.
Rd3 Kc6 54. c4 Re7+ 55. Kf5 a4 56. f4 Ra7 57. Ra3 Kc5 58. h4 Kd4 0-1

[Event "Plzen, FSB A"]
[Site "?"]
[Date "2000.??.??"]
[Round "8"]
[White "Kulhanek, T."]
[Black "Hadraba, V."]
[Result "1-0"]
[WhiteElo "2350"]
[BlackElo "2240"]
[PlyCount "91"]
[EventDate "2000.??.??"]
[Source "ChessBase"]
[SourceDate "1996.11.15"]

1. e4 c5 2. Nc3 Nc6 3. g3 g6 4. Bg2 Bg7 5. d3 d6 6. Be3 e6 7. Qd2 Rb8 8. Nf3
Nge7 9. Bh6 Bxh6 10. Qxh6 Nd4 11. Nxd4 cxd4 12. Qg7 Rg8 13. Qxd4 Nc6 14. Qe3 b5
15. O-O Rg7 16. d4 Qb6 17. Ne2 Ba6 18. e5 d5 19. Rfd1 Kf8 20. b4 Kg8 21. c3 Kh8
22. Qg5 Qd8 23. Qxd8+ Rxd8 24. Nf4 Nb8 25. Bf1 Rc8 26. Rdc1 Rc7 27. a4 bxa4 28.
Bxa6 Nxa6 29. Rxa4 Nb8 30. Rca1 a6 31. R1a3 Rg8 32. Nd3 Rgc8 33. Nc5 Rc6 34.
Kf1 Rb6 35. f4 Kg7 36. Ke2 Rcc6 37. g4 f5 38. gxf5 gxf5 39. Kd3 Kf7 40. Ra1 Ke7
41. Rg1 Kf8 42. Ra2 Rc7 43. Rag2 Rf7 44. Rg8+ Ke7 45. Rc8 Nd7 46. Rgg8 1-0

[Event "Plzen, FSB A"]
[Site "?"]
[Date "2000.??.??"]
[Round "8"]
[White "Spal, M."]
[Black "Gross, G."]
[Result "1/2-1/2"]
[WhiteElo "2235"]
[BlackElo "2350"]
[PlyCount "139"]
[EventDate "2000.??.??"]
[Source "ChessBase"]
[SourceDate "1996.11.15"]

1. e4 Nc6 2. Nc3 Nf6 3. d4 d5 4. e5 Nd7 5. Nxd5 Ndb8 6. Ne3 Qxd4 7. Qxd4 Nxd4
8. c3 Ne6 9. Nh3 g5 10. g3 Bd7 11. f4 Bc6 12. Rg1 Rg8 13. f5 Nc5 14. Nc4 h6 15.
Be3 Nbd7 16. Na5 Be4 17. g4 b6 18. Nf2 Bd5 19. Bxc5 Nxc5 20. Bb5+ Nd7 21. c4
bxa5 22. cxd5 Rb8 23. Bc6 Kd8 24. Nd3 Bg7 25. Bxd7 Kxd7 26. Rg2 Rb5 27. e6+ Kd6
28. Rc1 Rxd5 29. exf7 Rf8 30. Rd2 Rxf7 31. Ke2 Bd4 32. b3 c5 33. Nb2 Bxb2 34.
Rxb2 e6 35. fxe6 Kxe6 36. Rd2 Kd6 37. Rc3 Rf4 38. h3 a4 39. Re3 Rfd4 40. Rc2
Rb4 41. Rcc3 Rbd4 42. Rc2 a3 43. Re8 a5 44. Rd8+ Ke5 45. Rc8 Rd3 46. R2xc5 Rxh3
47. Re8+ Kd6 48. Rcc8 Re5+ 49. Rxe5 Kxe5 50. Rc4 Rh2+ 51. Ke3 Rxa2 52. Rc5+ Kd6
53. Rxa5 Ra1 54. Kf2 Kc6 55. Kg2 Kd6 56. Kh2 Kc7 57. Kg2 Kb6 58. b4 Kc6 59. Kh2
Kd6 60. Kg2 a2 61. Kh2 Ke6 62. Kg2 Kf6 63. Kh2 h5 64. gxh5 g4 65. Kg2 g3 66. h6
Kg6 67. Ra6+ Kh7 68. b5 Rb1 69. Rxa2 Rxb5 70. Ra3 1/2-1/2

[Event "Plzen, FSB A"]
[Site "?"]
[Date "2000.??.??"]
[Round "8"]
[White "Hrbolka sr., L."]
[Black "Neuman, P."]
[Result "0-1"]
[WhiteElo "2205"]
[BlackElo "2330"]
[PlyCount "84"]
[EventDate "2000.??.??"]
[Source "ChessBase"]
[SourceDate "1996.11.15"]

1. d4 g6 2. Nf3 Bg7 3. e4 d6 4. Be2 Nf6 5. Nc3 O-O 6. O-O c6 7. a4 Qc7 8. h3 e5
9. Bg5 Nbd7 10. Re1 Re8 11. d5 h6 12. Bc1 Nc5 13. Bf1 a5 14. Nd2 Rd8 15. Nc4
Ncxe4 16. Rxe4 Nxe4 17. Nxe4 cxd5 18. Qxd5 Be6 19. Qb5 d5 20. Nc5 dxc4 21. Nxe6
fxe6 22. Be3 Rdc8 23. b3 cxb3 24. Qxb3 Qxc2 25. Qxe6+ Kh7 26. Bb5 Rd8 27. Qe7
Rd1+ 28. Rxd1 Qxd1+ 29. Kh2 Rb8 30. Bb6 Qd5 31. g3 Rf8 32. Be8 e4 33. Bb5 Rf7
34. Qe8 Rf8 35. Qe7 Rf7 36. Qe8 h5 37. Qc8 Rf8 38. Qc4 Qf5 39. h4 Rf7 40. Qe2
Be5 41. Bc4 Rd7 42. Be3 Qf3 0-1

[Event "Plzen, FSB A"]
[Site "?"]
[Date "2000.??.??"]
[Round "8"]
[White "Vyskocil, N."]
[Black "Fiala, R."]
[Result "1/2-1/2"]
[WhiteElo "2330"]
[BlackElo "2235"]
[PlyCount "93"]
[EventDate "2000.??.??"]
[Source "ChessBase"]
[SourceDate "1996.11.15"]

1. e4 c5 2. Nf3 Nc6 3. Bb5 d6 4. Bxc6+ bxc6 5. O-O Bg4 6. d3 e5 7. c3 Nf6 8.
Nbd2 Be7 9. Qc2 O-O 10. d4 cxd4 11. cxd4 Qc7 12. b3 Nd7 13. h3 Bh5 14. Bb2 Rfe8
15. dxe5 dxe5 16. Qc3 f6 17. Rac1 Rac8 18. Nh4 Bf8 19. b4 Bf7 20. Nc4 Nb6 21.
Na5 Na4 22. Qd2 Nxb2 23. Qxb2 Qb6 24. Rb1 Red8 25. Nf3 c5 26. a3 Kh8 27. Rfc1
cxb4 28. axb4 Qxb4 29. Rxc8 Qxb2 30. Rxb2 Rxc8 31. Rb7 Bg6 32. Nd2 Rc1+ 33. Kh2
Rc2 34. Nab3 Ra2 35. Rb5 h5 36. Kg3 Kh7 37. Kf3 Ra4 38. Nc5 Rd4 39. Ne6 Rxd2
40. Nxf8+ Kh6 41. Nxg6 Kxg6 42. Ra5 Rd7 43. h4 Kf7 44. Ke3 Ke7 45. f4 exf4+ 46.
Kxf4 g6 47. Ra6 1/2-1/2

[Event "Plzen, FSB A"]
[Site "?"]
[Date "2000.??.??"]
[Round "8"]
[White "Kuklin, V."]
[Black "Namyslo, H."]
[Result "1-0"]
[WhiteElo "2170"]
[BlackElo "2325"]
[PlyCount "83"]
[EventDate "2000.??.??"]
[Source "ChessBase"]
[SourceDate "1996.11.15"]

1. e4 e6 2. d4 d5 3. Nd2 Nf6 4. e5 Nfd7 5. c3 c5 6. f4 Nc6 7. Ndf3 Qb6 8. g3
cxd4 9. cxd4 Be7 10. Bh3 O-O 11. Ne2 a5 12. a4 Ndb8 13. O-O Na6 14. Nc3 Ncb4
15. g4 f6 16. Be3 fxe5 17. Nxe5 Nc6 18. Qd2 Nxe5 19. fxe5 Bd7 20. g5 Qb3 21.
Bg4 Nb4 22. h4 Qc2 23. Nxd5 exd5 24. Bxd7 Qe4 25. Be6+ Kh8 26. Rxf8+ Rxf8 27.
Rf1 Rxf1+ 28. Kxf1 Qh1+ 29. Bg1 Qxh4 30. Qf2 Qxf2+ 31. Bxf2 Bxg5 32. Be1 Be3
33. Bc3 Nc6 34. Bxd5 Bxd4 35. Bxd4 Nxd4 36. e6 Nf5 37. Bxb7 Kg8 38. b4 axb4 39.
a5 Nd4 40. a6 Nb5 41. Bc6 Nc7 42. e7 1-0

[Event "Plzen, FSB A"]
[Site "?"]
[Date "2000.??.??"]
[Round "8"]
[White "Menacher, M."]
[Black "Juptner, J."]
[Result "0-1"]
[WhiteElo "2315"]
[BlackElo "2170"]
[PlyCount "70"]
[EventDate "2000.??.??"]
[Source "ChessBase"]
[SourceDate "1996.11.15"]

1. e4 c5 2. Nf3 d6 3. Bb5+ Nd7 4. d4 cxd4 5. Qxd4 a6 6. Bxd7+ Bxd7 7. Nc3 Nf6
8. Bg5 e6 9. O-O-O h6 10. Bxf6 gxf6 11. Nh4 Be7 12. g3 Qa5 13. Kb1 Rc8 14. f4
Qc5 15. Qd2 b5 16. e5 d5 17. Ne4 dxe4 18. Qxd7+ Kf8 19. c3 f5 20. Nxf5 exf5 21.
Qxf5 Qc6 22. Qh3 e3 23. Rhe1 Bc5 24. Ka1 Qe6 25. g4 Kg7 26. b4 Bxb4 27. Rxe3
Rhd8 28. Rb1 Rd2 29. Rb2 Qd5 30. g5 Rd1+ 31. Rb1 Rxb1+ 32. Kxb1 Qd1+ 33. Kb2
Qd2+ 34. Kb3 Qd1+ 35. Kb2 Qd2+ 0-1

[Event "Plzen, FSB A"]
[Site "?"]
[Date "2000.??.??"]
[Round "8"]
[White "Laznicka, V."]
[Black "Kolago, M."]
[Result "1/2-1/2"]
[WhiteElo "1800"]
[BlackElo "2270"]
[PlyCount "114"]
[EventDate "2000.??.??"]
[Source "ChessBase"]
[SourceDate "1996.11.15"]

1. e4 e5 2. Nc3 Nf6 3. Bc4 Bc5 4. d3 c6 5. Nf3 d6 6. O-O Nbd7 7. Bb3 Bb6 8. d4
O-O 9. Bg5 h6 10. Bh4 Re8 11. Re1 Qe7 12. Bc4 Bc7 13. b4 Nf8 14. a4 g5 15. Bg3
Ng6 16. a5 a6 17. dxe5 dxe5 18. Qb1 Rd8 19. Qb3 Ne8 20. Rad1 Nd6 21. Bf1 Be6
22. Qb2 Nb5 23. Na4 Qf6 24. Nc5 Bg4 25. Rxd8+ Rxd8 26. Nxb7 Rb8 27. Nc5 Bd6 28.
Nd3 Bxf3 29. gxf3 Nd4 30. Bg2 c5 31. c3 Nxf3+ 32. Bxf3 Qxf3 33. Qe2 Qxe2 34.
Rxe2 cxb4 35. cxb4 Bxb4 36. Nxe5 Nxe5 37. Bxe5 Rb5 38. Bf6 Bxa5 39. Ra2 Kh7 40.
Kg2 Kg6 41. Be7 f5 42. exf5+ Kxf5 43. Bf8 h5 44. Be7 g4 45. h3 gxh3+ 46. Kxh3
Ke6 47. Bh4 Kd5 48. f4 Kc6 49. Bg5 Kb7 50. Kh4 Bc7 51. Rf2 a5 52. Kxh5 a4 53.
f5 Bb6 54. Ra2 Rxf5 55. Kg6 Rf3 56. Be7 Rg3+ 57. Kh5 Kc6 1/2-1/2

[Event "Plzen, FSB A"]
[Site "?"]
[Date "2000.??.??"]
[Round "8"]
[White "Korenova, M."]
[Black "Hrbolka jr., L."]
[Result "1-0"]
[WhiteElo "2265"]
[BlackElo "2165"]
[PlyCount "45"]
[EventDate "2000.??.??"]
[Source "ChessBase"]
[SourceDate "1996.11.15"]

1. e4 c5 2. c3 d6 3. d4 Nf6 4. Bd3 Qc7 5. Ne2 g6 6. Bg5 Bg7 7. Qd2 O-O 8. Bh6
c4 9. Bc2 e5 10. Bxg7 Kxg7 11. O-O Nc6 12. Na3 Ne7 13. f4 Ne8 14. fxe5 dxe5 15.
dxe5 Be6 16. Nd4 Qxe5 17. Nxe6+ Qxe6 18. Qd4+ Kg8 19. Nxc4 Nc7 20. Bb3 Nc6 21.
Qd6 Qc8 22. Qf6 Qd8 23. Nd6 1-0

[Event "Plzen, FSB A"]
[Site "?"]
[Date "2000.??.??"]
[Round "8"]
[White "Hejberg, C."]
[Black "Hlavnicka, J."]
[Result "0-1"]
[WhiteElo "2115"]
[BlackElo "2305"]
[PlyCount "92"]
[EventDate "2000.??.??"]
[Source "ChessBase"]
[SourceDate "1996.11.15"]

1. d4 c5 2. d5 e5 3. c4 d6 4. Nc3 Be7 5. Nf3 Nf6 6. e4 O-O 7. h3 Na6 8. Be3 Nc7
9. Bd3 a6 10. a4 b6 11. Qe2 Bd7 12. O-O Nfe8 13. Nd2 Bg5 14. f4 Bxf4 15. Bxf4
exf4 16. e5 Qe7 17. Rae1 dxe5 18. Qxe5 Qxe5 19. Rxe5 Nd6 20. Re7 Rad8 21. Rxf4
f5 22. Rf1 Rfe8 23. Rfe1 Rxe7 24. Rxe7 Kf8 25. Re5 Kf7 26. Kf2 Kf6 27. Re1 b5
28. b3 Rb8 29. axb5 axb5 30. Ra1 bxc4 31. bxc4 Rb2 32. Ra2 Rxa2 33. Nxa2 g5 34.
Nc3 h5 35. Kf3 Ke5 36. Ne2 f4 37. g4 hxg4+ 38. hxg4 Nce8 39. Ne4 Nxe4 40. Bxe4
Nf6 41. Bf5 Bxf5 42. gxf5 g4+ 43. Kf2 Ne4+ 44. Ke1 f3 45. f6 Nxf6 46. Nc3 Kd4
0-1

[Event "Plzen, FSB A"]
[Site "?"]
[Date "2000.??.??"]
[Round "8"]
[White "Kozak, M."]
[Black "Burdova, K."]
[Result "1/2-1/2"]
[WhiteElo "2245"]
[BlackElo "2130"]
[PlyCount "185"]
[EventDate "2000.??.??"]
[Source "ChessBase"]
[SourceDate "1996.11.15"]

1. d4 d5 2. c4 e6 3. Nf3 Nf6 4. Nc3 Be7 5. Bg5 O-O 6. e3 Nbd7 7. cxd5 exd5 8.
Qc2 Re8 9. Bd3 Nf8 10. h3 c6 11. O-O Ng6 12. Bxf6 Bxf6 13. b4 a6 14. a4 Kh8 15.
b5 axb5 16. axb5 Rxa1 17. Rxa1 Nh4 18. Nxh4 Bxh4 19. Bf5 g6 20. Bxc8 Qxc8 21.
bxc6 bxc6 22. Ra7 Qe6 23. Na4 Be7 24. Nc5 Bxc5 25. Qxc5 Rc8 26. Re7 Qf6 27. Qa7
Kg7 28. Qb7 Rd8 29. Rc7 Rd6 30. Rc8 h5 31. Qb8 Kh7 32. h4 Re6 33. g3 Rd6 34.
Qc7 Re6 35. Qd7 Kh6 36. Rf8 Kg7 37. Qc8 Kh7 38. Rg8 Rd6 39. Qf8 Re6 40. Kg2 Re4
41. Qc8 Re6 42. Rf8 Re4 43. Qd7 Re7 44. Qd8 Re6 45. Qb8 Re4 46. Rc8 Re7 47. Qb6
Re6 48. Ra8 Re4 49. Qb8 Qg7 50. Qd8 Re6 51. Rc8 Rf6 52. Qd7 g5 53. Rxc6 gxh4
54. Rxf6 Qxf6 55. Qxd5 h3+ 56. Kxh3 Qxf2 57. Qxh5+ Kg8 58. Qg5+ Kf8 59. Qf4 Qe2
60. g4 Qe1 61. Qf3 Qc3 62. Kg3 Qe1+ 63. Qf2 Qh1 64. Kf4 Qh6+ 65. g5 Qd6+ 66.
Kg4 Qe6+ 67. Kh4 Qe4+ 68. Qf4 Qh1+ 69. Kg4 Qg2+ 70. Kf5 Qd5+ 71. Kg4 Qg2+ 72.
Qg3 Qe4+ 73. Qf4 Qg2+ 74. Kf5 Qd5+ 75. Kg4 Qg2+ 76. Kh4 Qh1+ 77. Kg3 Qg1+ 78.
Kf3 Qd1+ 79. Ke4 Qb1+ 80. Ke5 Qb8+ 81. Kd5 Qb7+ 82. Kd6 Qb4+ 83. Kd7 Qb5+ 84.
Kc8 Qe8+ 85. Kb7 Qb5+ 86. Kc8 Qe8+ 87. Kc7 Qe7+ 88. Kc6 Qe8+ 89. Kc5 Qc8+ 90.
Kb6 Qe6+ 91. Kc5 Qc8+ 92. Kb6 Qe6+ 93. Kc5 1/2-1/2

[Event "Plzen, FSB A"]
[Site "?"]
[Date "2000.??.??"]
[Round "8"]
[White "Trmota, Z."]
[Black "Nosek, F."]
[Result "1/2-1/2"]
[WhiteElo "2240"]
[BlackElo "2125"]
[PlyCount "80"]
[EventDate "2000.??.??"]
[Source "ChessBase"]
[SourceDate "1996.11.15"]

1. d4 d5 2. Nf3 Nf6 3. c4 c6 4. Nc3 Bf5 5. cxd5 Nxd5 6. Qb3 Qb6 7. Qxb6 Nxb6 8.
e4 Bg6 9. Ne5 e6 10. h4 f6 11. Nxg6 hxg6 12. Be3 N8d7 13. O-O-O O-O-O 14. Be2
Bd6 15. g3 a6 16. Kb1 Kb8 17. b3 Bb4 18. Kb2 f5 19. f3 Bd6 20. Rhg1 Rde8 21.
Bf2 Be7 22. a4 Rhf8 23. Be3 Bf6 24. Rd2 Rc8 25. a5 Na8 26. b4 Nc7 27. Kb3 Nb5
28. Na4 e5 29. d5 Nd4+ 30. Bxd4 exd4 31. dxc6 Rxc6 32. b5 Rd6 33. bxa6 bxa6 34.
Rb1 Ka7 35. Ka2 Rb8 36. Rxb8 Kxb8 37. Bd3 fxe4 38. Bxe4 Bd8 39. Rb2+ Kc8 40.
Rc2+ Kb8 1/2-1/2

[Event "Plzen, FSB A"]
[Site "?"]
[Date "2000.??.??"]
[Round "8"]
[White "Skacel, J."]
[Black "Pecka, F."]
[Result "1/2-1/2"]
[WhiteElo "2030"]
[BlackElo "2225"]
[PlyCount "25"]
[EventDate "2000.??.??"]
[Source "ChessBase"]
[SourceDate "1996.11.15"]

1. d4 d5 2. c4 dxc4 3. e3 Nf6 4. Bxc4 e6 5. Nf3 Bd6 6. O-O O-O 7. Nc3 c6 8. Qe2
Nbd7 9. h3 h6 10. e4 e5 11. dxe5 Nxe5 12. Nxe5 Bxe5 13. Be3 1/2-1/2

[Event "Plzen, FSB A"]
[Site "?"]
[Date "2000.??.??"]
[Round "8"]
[White "Kamenik, M."]
[Black "Dvorak, T."]
[Result "0-1"]
[WhiteElo "2005"]
[BlackElo "2220"]
[PlyCount "125"]
[EventDate "2000.??.??"]
[Source "ChessBase"]
[SourceDate "1996.11.15"]

1. e4 c5 2. Nc3 d6 3. f4 g6 4. Nf3 Bg7 5. Bb5+ Bd7 6. Bxd7+ Qxd7 7. O-O Nc6 8.
d3 Nh6 9. h3 f5 10. Qe1 O-O 11. Qf2 a6 12. e5 dxe5 13. Qxc5 Nf7 14. fxe5 Ncxe5
15. Qd5 Qc7 16. Qb3 Nxf3+ 17. Rxf3 Rfd8 18. Be3 Qc6 19. Na4 b5 20. Nc3 Rac8 21.
Raf1 Bxc3 22. bxc3 Qxc3 23. Qe6 Qf6 24. Qxf6 exf6 25. R3f2 Rc3 26. g4 Kg7 27.
h4 Rdc8 28. g5 Rxc2 29. Bd4 Rxf2 30. Bxf6+ Kf8 31. Rxf2 Rc5 32. Re2 Rd5 33. d4
h6 34. Re6 hxg5 35. hxg5 f4 36. Rxa6 Nxg5 37. Kf2 Kf7 38. Be5 Ne6 39. Ra7+ Kf8
40. Kf3 Nxd4+ 41. Ke4 Rxe5+ 42. Kxd4 Re7 43. Ra8+ Kg7 44. Rb8 f3 45. Rxb5 f2
46. Rb1 Rf7 47. Rf1 Rf5 48. a4 g5 49. Ke4 Rf4+ 50. Ke3 Rxa4 51. Rxf2 Kg6 52.
Kf3 Kh5 53. Kg3 Ra3+ 54. Kg2 Kh4 55. Rb2 g4 56. Rc2 Ra4 57. Rb2 g3 58. Rc2 Kg4
59. Rb2 Rd4 60. Rc2 Re4 61. Rd2 Rb4 62. Rc2 Rd4 63. Re2 0-1

[Event "Plzen, FSB A"]
[Site "?"]
[Date "2000.??.??"]
[Round "8"]
[White "Vasicek, M."]
[Black "Brousek, J."]
[Result "1-0"]
[WhiteElo "2165"]
[BlackElo "2050"]
[PlyCount "93"]
[EventDate "2000.??.??"]
[Source "ChessBase"]
[SourceDate "1996.11.15"]

1. d4 e6 2. e4 d5 3. e5 c5 4. Nc3 Nc6 5. Nf3 Qb6 6. Be3 Nh6 7. dxc5 Bxc5 8.
Bxc5 Qxc5 9. Bd3 Bd7 10. O-O O-O-O 11. Qe2 f6 12. Rfe1 Nf7 13. exf6 gxf6 14.
Qe3 Qb4 15. a3 Qg4 16. h3 Qg7 17. Nb5 e5 18. Bf1 d4 19. Qb3 Rhe8 20. Qxf7 Qh6
21. Nd6+ Kc7 22. Nxe8+ Rxe8 23. Rad1 Re7 24. Qb3 Rg7 25. Kh1 Qg6 26. Qd3 Bf5
27. Qd2 Qh5 28. Qe2 Bg4 29. Rd3 f5 30. Kg1 Bxf3 31. Qxf3 Qg6 32. Rb3 Qe6 33.
Rb5 b6 34. Rd5 Rf7 35. c4 e4 36. Qf4+ Kb7 37. Qd6 Qxd6 38. Rxd6 Kc7 39. Rh6 d3
40. b3 Na5 41. g4 Nxb3 42. gxf5 Nd2 43. Bg2 Rg7 44. f6 Nf3+ 45. Kh1 Rxg2 46.
Kxg2 Nxe1+ 47. Kf1 1-0

[Event "Plzen, FSB A"]
[Site "?"]
[Date "2000.??.??"]
[Round "8"]
[White "Ratolistka, J."]
[Black "Balin, J."]
[Result "0-1"]
[WhiteElo "2150"]
[BlackElo "2070"]
[PlyCount "80"]
[EventDate "2000.??.??"]
[Source "ChessBase"]
[SourceDate "1996.11.15"]

1. Nf3 Nf6 2. b3 d5 3. Bb2 c6 4. e3 Bf5 5. d4 e6 6. Bd3 Bxd3 7. Qxd3 Ne4 8.
Nbd2 f5 9. O-O Nd7 10. Ne5 Nxe5 11. dxe5 Nxd2 12. Qxd2 Be7 13. Rad1 Qc7 14. Qe1
O-O 15. f4 b5 16. g4 Qb6 17. g5 g6 18. h4 a5 19. a3 a4 20. b4 c5 21. c3 cxb4
22. cxb4 Rac8 23. Rc1 Rfd8 24. Qd2 Rc4 25. Bd4 Qc6 26. Rxc4 dxc4 27. Qg2 Rd5
28. Qc2 Bd8 29. Rd1 Qd7 30. Kf2 h6 31. Kg2 Bb6 32. Qc3 Qb7 33. Kg3 hxg5 34.
hxg5 Qh7 35. Rf1 Bxd4 36. exd4 Qh5 37. Rf3 Qh1 38. Kf2 Rd7 39. Rg3 Qe4 40. Qf3
Qxd4+ 0-1

[Event "Plzen, FSB A"]
[Site "?"]
[Date "2000.??.??"]
[Round "8"]
[White "Schauer, J."]
[Black "Galicek, S."]
[Result "0-1"]
[WhiteElo "2140"]
[BlackElo "1940"]
[PlyCount "66"]
[EventDate "2000.??.??"]
[Source "ChessBase"]
[SourceDate "1996.11.15"]

1. e4 c5 2. Nf3 d6 3. d4 cxd4 4. Nxd4 Nf6 5. Nc3 a6 6. Bg5 e6 7. Be2 Be7 8. Qd2
Qc7 9. O-O-O Nbd7 10. f4 b5 11. a3 Bb7 12. Bf3 Rc8 13. Bxf6 Nxf6 14. g4 Nd7 15.
Rhe1 Nb6 16. Be2 d5 17. exd5 Nxd5 18. Nxd5 Bxd5 19. Kb1 O-O 20. Bd3 Bf6 21. c3
Bxd4 22. cxd4 Bb3 23. Rc1 Qd6 24. f5 Rxc1+ 25. Rxc1 exf5 26. Bxf5 g6 27. Qe3
Bd5 28. Rg1 Qxh2 29. Bd3 Qd6 30. Re1 Be6 31. Rh1 h5 32. gxh5 Qd5 33. Rh4 Rc8
0-1

[Event "Plzen, FSB A"]
[Site "?"]
[Date "2000.??.??"]
[Round "8"]
[White "Brasser, P."]
[Black "Weiss, O."]
[Result "1/2-1/2"]
[WhiteElo "1960"]
[BlackElo "2140"]
[PlyCount "32"]
[EventDate "2000.??.??"]
[Source "ChessBase"]
[SourceDate "1996.11.15"]

1. e4 e6 2. b3 d5 3. Bb2 dxe4 4. Nc3 Nf6 5. Qe2 Be7 6. O-O-O Bd7 7. g4 h6 8.
Bg2 Bc6 9. Nxe4 Nxe4 10. Bxe4 Bf6 11. d4 Bxe4 12. Qxe4 Qd5 13. Qxd5 exd5 14.
Re1+ Kd7 15. f4 Nc6 16. Nf3 Rae8 1/2-1/2

[Event "Plzen, FSB A"]
[Site "?"]
[Date "2000.??.??"]
[Round "8"]
[White "Bujnoch, R."]
[Black "Mazakova, P."]
[Result "1/2-1/2"]
[WhiteElo "2100"]
[BlackElo "2315"]
[PlyCount "97"]
[EventDate "2000.??.??"]
[Source "ChessBase"]
[SourceDate "1996.11.15"]

1. e4 c5 2. Nf3 d6 3. d4 cxd4 4. Nxd4 Nf6 5. Nc3 a6 6. Be2 e6 7. Be3 Qc7 8. O-O
Be7 9. f4 O-O 10. g4 d5 11. exd5 Nxd5 12. Nxd5 exd5 13. Bd3 Nc6 14. c3 Re8 15.
Qf3 Bc5 16. Rae1 Qb6 17. Kh1 Bd7 18. Qh3 h6 19. Bf5 Bxf5 20. Nxf5 Bxe3 21. Nxe3
Qxb2 22. g5 hxg5 23. fxg5 Qxc3 24. Qf5 Nd8 25. Nxd5 Qxe1 26. Rxe1 Rxe1+ 27. Kg2
Nc6 28. h4 Rd8 29. g6 fxg6 30. Qf3 Re5 31. Nf4 Rd2+ 32. Kh3 Rd6 33. Qb3+ Kh7
34. h5 gxh5 35. Qb1+ Kh6 36. Qxb7 Re3+ 37. Kg2 Rf6 38. Nd5 Re2+ 39. Kg1 Re1+
40. Kg2 Re2+ 41. Kg1 Rg6+ 42. Kf1 Rxa2 43. Qb3 Ra1+ 44. Kf2 Kh7 45. Qc2 Nd4 46.
Qd3 Ra2+ 47. Kf1 Ra1+ 48. Kf2 Ra2+ 49. Kf1 1/2-1/2

[Event "Plzen, FSB A"]
[Site "?"]
[Date "2000.??.??"]
[Round "8"]
[White "Balin, K."]
[Black "Novak, P."]
[Result "1-0"]
[WhiteElo "2065"]
[BlackElo "2235"]
[PlyCount "63"]
[EventDate "2000.??.??"]
[Source "ChessBase"]
[SourceDate "1996.11.15"]

1. d4 Nf6 2. c4 e6 3. Nc3 d5 4. Bg5 Bb4 5. e3 c6 6. Qc2 dxc4 7. Bxc4 Nbd7 8.
Nf3 b5 9. Bd3 h6 10. Bh4 Bb7 11. O-O Rc8 12. Ne4 Be7 13. Rfd1 Qb6 14. Nxf6+
Nxf6 15. Ne5 Bd6 16. Nf3 c5 17. dxc5 Bxc5 18. Qe2 a6 19. a4 b4 20. Ne5 Qa7 21.
Rac1 g5 22. Bg3 Qa8 23. Bb5+ Ke7 24. Bd7 Bxg2 25. Bxc8 Rxc8 26. f3 Bh3 27. Nd3
Bb6 28. Nxb4 Rxc1 29. Rxc1 g4 30. Qd2 Kf8 31. Nc6 gxf3 32. Qb4+ 1-0

[Event "Plzen, FSB A"]
[Site "?"]
[Date "2000.??.??"]
[Round "8"]
[White "Ziabari, M."]
[Black "Orsag, M."]
[Result "1-0"]
[WhiteElo "2070"]
[BlackElo "2205"]
[PlyCount "169"]
[EventDate "2000.??.??"]
[Source "ChessBase"]
[SourceDate "1996.11.15"]

1. e4 c5 2. Nf3 Nc6 3. Nc3 g6 4. d4 cxd4 5. Nxd4 Bg7 6. Be3 Nf6 7. f3 O-O 8.
Bb5 a6 9. Ba4 Ne5 10. Bb3 Qc7 11. Qe2 b5 12. a4 b4 13. Nd1 Bb7 14. O-O Rfc8 15.
Bf4 Nh5 16. Bg5 Nc4 17. c3 Nxb2 18. Qxb2 bxc3 19. Qf2 Qb6 20. Be3 Bxd4 21.
Bxf7+ Kxf7 22. Bxd4 Qb4 23. Qa2+ e6 24. Bf2 Nf4 25. Rb1 Ne2+ 26. Kh1 Qc4 27.
Qxc4 Rxc4 28. Rxb7 c2 29. Be3 Ke8 30. Nb2 c1=Q 31. Bxc1 Rxc1 32. Rxc1 Nxc1 33.
Nc4 Nd3 34. Nb6 Rd8 35. Ra7 Nc5 36. g3 Rb8 37. a5 Kd8 38. e5 Nb3 39. Rxa6 Nxa5
40. Nxd7 Kxd7 41. Rxa5 Rb7 42. f4 h5 43. Ra8 Ke7 44. Kg2 Kf7 45. Kh3 g5 46.
fxg5 Kg6 47. Rg8+ Kf5 48. Kh4 Kxe5 49. g6 Rb2 50. h3 Rh2 51. g7 Kf6 52. Re8
Kxg7 53. Rxe6 Rh1 54. Re5 Kg6 55. Rg5+ Kf6 56. Rxh5 Ra1 57. Rb5 Ra7 58. Rb6+
Kg7 59. g4 Rc7 60. g5 Ra7 61. Kh5 Rc7 62. h4 Ra7 63. Rb4 Rc7 64. Kg4 Ra7 65. h5
Rc7 66. h6+ Kh7 67. Kh5 Rc5 68. Rb7+ Kh8 69. Kg6 Rc6+ 70. Kf7 Kh7 71. Re7 Rg6
72. Re5 Ra6 73. Re6 Ra7+ 74. Kf6 Ra8 75. Re7+ Kh8 76. g6 Rb8 77. h7 Rb6+ 78.
Re6 Rxe6+ 79. Kxe6 Kg7 80. Kf5 Kh8 81. Kg5 Kg7 82. Kf5 Kh8 83. Ke6 Kg7 84.
h8=Q+ Kxh8 85. Kf6 1-0

[Event "Plzen, FSB A"]
[Site "?"]
[Date "2000.??.??"]
[Round "8"]
[White "Decka, E."]
[Black "Gschwendtner, S."]
[Result "0-1"]
[WhiteElo "2065"]
[BlackElo "2185"]
[PlyCount "106"]
[EventDate "2000.??.??"]
[Source "ChessBase"]
[SourceDate "1996.11.15"]

1. e4 c5 2. Nf3 g6 3. d4 Bg7 4. Nc3 cxd4 5. Nxd4 d6 6. f4 Nc6 7. Nf3 Nf6 8. Bd3
O-O 9. Be3 d5 10. exd5 Nxd5 11. Nxd5 Qxd5 12. c3 e5 13. fxe5 Nxe5 14. Nxe5 Qxe5
15. Qf3 Re8 16. Kf2 Bg4 17. Qf4 Qd5 18. Bc4 Qd7 19. h3 Be6 20. Rad1 Qc6 21.
Bxe6 Rxe6 22. Bd4 Bxd4+ 23. Qxd4 Rf6+ 24. Kg1 Re8 25. Rd2 Re4 26. Qd8+ Kg7 27.
Kh2 Qe6 28. Qb8 Re3 29. Rhd1 h5 30. h4 Qg4 31. Rd4 Re4 32. Rxe4 Qxe4 33. Rd4
Qe1 34. Qg3 Qe2 35. Rf4 Rxf4 36. Qxf4 Qxb2 37. Qd4+ Kh7 38. Qxa7 Qxc3 39. Qf2
Qe5+ 40. g3 Kg7 41. Qb6 Qe2+ 42. Kg1 Qf3 43. Kh2 Qd5 44. a4 Qe4 45. a5 Qe2+ 46.
Kg1 Qa6 47. Qd4+ Qf6 48. Qb4 Qe5 49. Kh2 Qe2+ 50. Kg1 Qf3 51. Kh2 Qf2+ 52. Kh3
Qf3 53. Qb6 Qh1# 0-1

[Event "Plzen, FSB A"]
[Site "?"]
[Date "2000.??.??"]
[Round "8"]
[White "Bartos, J."]
[Black "Kovar, V."]
[Result "1-0"]
[WhiteElo "2175"]
[BlackElo "2105"]
[PlyCount "103"]
[EventDate "2000.??.??"]
[Source "ChessBase"]
[SourceDate "1996.11.15"]

1. d4 Nf6 2. c4 g6 3. Nc3 Bg7 4. e4 d6 5. Nf3 O-O 6. Be2 c6 7. O-O Nbd7 8. d5
c5 9. h3 a6 10. a4 Rb8 11. Bf4 Ne8 12. Qd2 Ne5 13. Nxe5 dxe5 14. Be3 Qa5 15.
Qc2 Nd6 16. Bd2 Qc7 17. a5 Bd7 18. Na4 Bxa4 19. Rxa4 Rfe8 20. b4 f5 21. f3 e6
22. Be3 exd5 23. cxd5 c4 24. Bc5 Qd7 25. Ra2 Nb5 26. Bxc4 Nd4 27. Qd3 Kh8 28.
f4 fxe4 29. Qxe4 Nf5 30. Ra3 Rbd8 31. fxe5 Bxe5 32. Qd3 Qc7 33. Bf2 Rc8 34. Ba2
Qd6 35. g4 Ne7 36. Bc5 Rxc5 37. bxc5 Qxc5+ 38. Kg2 Rd8 39. Rd1 Nc6 40. Qe3 Bd4
41. Rxd4 Qxd4 42. dxc6 Qb2+ 43. Kg3 Qf6 44. Qf4 Qe7 45. Re3 Qg7 46. Qe5 bxc6
47. Qxg7+ Kxg7 48. Re7+ Kf6 49. Re6+ Kg5 50. h4+ Kh6 51. Bc4 Rd4 52. Rxc6 1-0